000 00482nam a2200157Ia 4500
003 GCL
008 140319s9999 xx 000 0 eng d
040 _aGCL /
_cGCL
082 0 4 _a363.24
_bM G
100 1 _aMACZIALA SARAH JONES WITH GREG
245 1 0 _aGETTING AHEAD COMMUINCATION SKILLS FOR BUSINESS ENGLISH , LEAMER BOOK /
_cMACZIALA SARAH JONES WITH GREG
260 _a[S.N] :
_bCOMBRIDGE UNIVERSITY PRESS ،
_c1993
300 _a136 P
650 0 4 _aLEARNING
942 _2ddc
_cBK
999 _c17013
_d17013